00593nam a2200169Ia 4500008004100000020001800041041000800059082001700067100005700084245006900141250000600210260002700216300001200243650002300255999001900278952012600297210716s2019 xx 000 0 und d a9788126568765 aeng a658.404 MERJ aMeredith, Jack R; Mantel, Samuel J; Shafer, Scott M. aProject management: a managerial approach.bManagerial approach. a1 aNew DelhibWILEYc2019 axix,491 aProject Management c211554d211554 001040708MBAaAIMITbAIMITd2020-03-19g869.00l0o658.404 MERJpMBA14123r2026-05-23 00:00:00v651.75w2021-07-16yBK